000 00657nam a22002057a 4500
999 _c102936
_d102936
005 20230112142911.0
010 _aENG-115879 ENG-135969
020 _a9789325992245
_c395.00
035 _aEN-99411
035 _aEN-119501
037 _bDBAD/PUB
082 _a629.8312
100 _dKarna,Satish K.
245 _aS.Chand's Control systems GATE PSUs and ES examination :
_bexam success series /
260 _aNew Delhi
_bS.Chand & Company
_c2016
270 _a7361,Ram Nagar
_bNew Delhi
_e110055
300 _aVarious Pagings :
_bill
_c24cm(pbk)
500 _aIncludes bibliographical referenecs
942 _2ddc
_cEN
_h629.8312
_mKAR